Mishle Sendabar : (Record no. 33527)

MARC details
000 -LEADER
fixed length control field 00791cam a22002291 4500
001 - CONTROL NUMBER
control field he 68002202
003 - CONTROL NUMBER IDENTIFIER
control field DLC
005 - DATE AND TIME OF LATEST TRANSACTION
control field 20260227111501.0
008 - FIXED-LENGTH DATA ELEMENTS--GENERAL INFORMATION
fixed length control field 840521s1946 is 000 0 heb
010 ## - LIBRARY OF CONGRESS CONTROL NUMBER
LC control number he 68002202
035 ## - SYSTEM CONTROL NUMBER
System control number (OCoLC)19154220
040 ## - CATALOGING SOURCE
Original cataloging agency DLC
Transcribing agency MH
Modifying agency CU
-- DLC
042 ## - AUTHENTICATION CODE
Authentication code premarc
050 00 - LIBRARY OF CONGRESS CALL NUMBER
Classification number PJ5050
Item number .M5 1945
130 0# - MAIN ENTRY--UNIFORM TITLE
Uniform title Book of Sindbad.
Language of a work Hebrew
245 10 - TITLE STATEMENT
Title Mishle Sendabar :
Remainder of title sipur mezimat eshet melekh Hodu ṿe-ḥokhmat Sendabad ṿe-shivʻat yoʻatse ha-melekh /
Statement of responsibility, etc. yotse la-or be-tseruf aḥarit davar ṿe-heʻarot ʻal yede A. M. Haberman.
260 ## - PUBLICATION, DISTRIBUTION, ETC.
Place of publication, distribution, etc. Tel Aviv :
Name of publisher, distributor, etc. Maḥbarot le-sifrut,
Date of publication, distribution, etc. 706 [1945 or 6]
300 ## - PHYSICAL DESCRIPTION
Extent 53 p. ;
Dimensions 17 cm.
700 1# - ADDED ENTRY--PERSONAL NAME
Personal name Habermann, Abraham Meir,
Dates associated with a name 1901-1980.
740 0# - ADDED ENTRY--UNCONTROLLED RELATED/ANALYTICAL TITLE
Uncontrolled related/analytical title Mishle Sindbad.
752 ## - ADDED ENTRY--HIERARCHICAL PLACE NAME
Country or larger entity Israel
City Tel Aviv

No items available.

Powered by Koha